[Event "FRA-ch U14"]
[Site "Aix les Bains"]
[Date "2009.04.20"]
[Round "2"]
[White "Grundman, Anatole"]
[Black "Kirk, Ezra"]
[Result "1/2-1/2"]
[WhiteElo "1777"]
[BlackElo "1884"]
[PlyCount "56"]
[EventDate "2009.04.19"]
[EventType "swiss"]
[EventRounds "9"]
[EventCountry "FRA"]
[SourceTitle "CBM 130 Extra"]
[Source "ChessBase"]
[SourceDate "2009.07.02"]
[SourceVersion "2"]
[SourceVersionDate "2009.07.15"]
[SourceQuality "1"]

1. d4 Nf6 2. c4 g6 3. Nc3 Bg7 4. e4 d6 5. Nf3 0-0 6. Be2 e5 7. 0-0 Nc6 8. d5 Ne7 9. Ne1 Nd7 10. Nd3 f5 11. Bd2 Nf6 12. f3 f4 13. c5 g5 14. Rc1 Ng6 15. cxd6 cxd6 16. Nb5 Rf7 17. Qc2 Qb6+ 18. Nf2 g4 19. Nc7 Rb8 20. Kh1 g3 21. Nd3 gxh2 22. Be1 Nh5 23. Kxh2 Ng3 24. Bf2 Qa5 25. b4 Nxf1+ 26. Bxf1 Qa3 27. Nb5 Qa6 28. Nc7 Qa3 1/2-1/2

[Event "FRA-ch U10"]
[Site "Le Grand Bornand"]
[Date "2007.04.??"]
[Round "5"]
[White "Grundman, Anatole"]
[Black "Neri, Jean Baptiste"]
[Result "0-1"]
[WhiteElo "1730"]
[BlackElo "1822"]
[PlyCount "86"]
[EventDate "2007.04.07"]
[EventType "swiss"]
[EventRounds "9"]
[EventCountry "FRA"]
[SourceTitle "CBM 118 Extra"]
[Source "ChessBase"]
[SourceDate "2007.07.04"]
[SourceVersion "1"]
[SourceVersionDate "2007.07.04"]
[SourceQuality "1"]

1. d4 Nf6 2. c4 c5 3. e3 b6 4. Nc3 Bb7 5. Nf3 d6 6. Be2 g6 7. 0-0 Bg7 8. d5 0-0 9. e4 Nbd7 10. h3 Re8 11. Bg5 h6 12. Be3 Qc7 13. Qd2 Kh7 14. Bd3 a6 15. Rfe1 e6 16. Re2 exd5 17. exd5 Ne5 18. Nxe5 Rxe5 19. Rae1 Nd7 20. Bf4 Rxe2 21. Rxe2 Ne5 22. Bh2 Qd7 23. f4 Nxd3 24. Qxd3 b5 25. b3 bxc4 26. bxc4 Bc8 27. g4 Rb8 28. Ne4 f5 29. Nf2 fxg4 30. Re6 Qf7 31. Rxd6 gxh3 32. Nxh3 Bf5 33. Qg3 Bd4+ 34. Nf2 Be4 35. Kf1 Rb1+ 36. Ke2 Rb2+ 37. Kf1 Rxf2+ 38. Ke1 Rg2 39. Qh3 Rxh2 40. Qxh2 Qb7 41. Qe2 Qb1+ 42. Qd1 Bc3+ 43. Ke2 Bf3+ 0-1